Folklore Argentino 2 - Estadísticas

Estadísticas generales
  • Esta prueba ha sido intentada 7 veces
  • La puntuación promedio es 10 de 20
Estadísticas de respuestas
Imagen Respuesta % Correcto
Jorge Rojas
100%
Los Nocheros
100%
Victor Heredia
100%
Antonio Tarragó Ros
83%
Chango Spasiuk
83%
Maggie Cullen
67%
Cuti Carabajal
50%
Duo Coplanacu
50%
Facundo Toro
50%
Lucio Rojas
50%
Rubén Patagonia
50%
Bruno Arias
33%
Juan Falú
33%
Lazaro Caballero
33%
Mariana Carrizo
33%
Orellana Lucca
33%
Trio San Javier
33%
Alfredo Abalos
17%
Los del Suquia
17%
Los Tucu Tucu
17%
No se encontraron pruebas coincidentes
Distribución de puntuación
Porcentaje de gente con cada puntuación
Porcentaje por número respondido
Historial de tus puntuaciones
No has intentado esta prueba.